| 000 | 00959nam a22003017a 4500 | ||
|---|---|---|---|
| 003 | CHAP | ||
| 005 | 20220329134229.0 | ||
| 008 | 971013s1981 r 00010 d | ||
| 010 | _a17327 | ||
| 011 | _a18299 | ||
| 035 | _a22384 | ||
| 040 | _cCHAP | ||
| 082 |
_a517.5 _bJ6 |
||
| 100 | 0 | 0 |
_aJohnsonbaugh, Richard. _961885 |
| 245 | _aFoundations of mathematical analysis | ||
| 260 |
_aNew York : _bDekker, _c1981 |
||
| 300 | _a428 p | ||
| 490 |
_aMonographs and textbooks in pure and applied mathematics _v; 62 |
||
| 590 |
_aBATCH-UPD _b10 _c20130110 _lUCH01 _h2037 |
||
| 590 |
_aBATCH-UPD _b10 _c20130410 _lUCH01 _h1352 |
||
| 590 |
_aCONVERSION _b10 _c20130109 _lUCH01 _h1311 |
||
| 650 | 1 | 4 |
_aAnalisis matematico. _95988 |
| 700 | 0 |
_aPfaffenberger, W. E. _987724 |
|
| 830 | 0 |
_aMonographs and textbooks in pure and applied mathematics _v; 62 _977605 |
|
| 901 | _aBK | ||
| 942 | _cLIBRO | ||
| 949 |
_a517.5 J6 _bBC _cLIBRO _d33724000381745 _eLIBRO _h57254 _i22384 _si |
||
| 999 |
_c17327 _d17327 |
||